000
00282nam a2200145Ia 4500
100
_a
Levine/David
942
_c
BK
654
_a
computer
245
_a
Live Java
260
_b
AP Professional
_c
1998
082
_a
5.13
_b
LEV
300
_a
323
546
_a
ENGLISH
999
_c
33842
_d
33842